[Event "AUTO-ADV-1561"]
[Site "http://www.queenalice.com/game.php?id=795689"]
[Date "2010.6.27"]
[Round "2"]
[White "stoyan1"]
[Black "JMRNETO"]
[Result "0-1"]
[WhiteElo "1983"]
[BlackElo "1982"]

1. e4 e5 2. Nf3 Nc6 3. Bb5 d6 4. d4 a6 5. Bxc6+ bxc6 6. dxe5 Bg4 7. exd6 cxd6 8.
h3 Bh5 9. g4 Bg6 10. Nc3 Nf6 11. Bg5 h6 12. Bxf6 Qxf6 13. Qe2 Be7 14. O-O-O O-O
15. h4 Qf4+ 16. Kb1 Rfb8 17. g5 Bh5 18. Rd3 hxg5 19. hxg5 Bxg5 20. Re3 Qf6 21.
Rxh5 Bxe3 22. Qxe3 Rb7 23. Nd1 Rab8 24. b3 c5 25. Nd2 a5 26. Qh3 Kf8 27. Rh8+
Ke7 28. Rxb8 Rxb8 29. a4 Qd4 30. Kc1 g6 31. c3 Qf6 32. Qe3 Kd7 33. f4 Re8 34.
Kc2 d5 35. e5 Qf5+ 36. Kb2 Kc6 37. Nf3 Rb8 38. Nd4+ cxd4 39. cxd4 Rc8 40. Nc3
Rh8 41. Nb5 Rh2+ 42. Ka3 Qc2 43. Qc3+ Qxc3 44. Nxc3 Rf2 45. b4 Rxf4 46. b5+ Kb7
47. Nxd5 Rxd4 48. Nf6 g5 49. Ne8 g4 50. Nd6+ Rxd6 0-1

[Event "AUTO-ADV-1561"]
[Site "http://www.queenalice.com/game.php?id=795690"]
[Date "2010.6.27"]
[Round "2"]
[White "JMRNETO"]
[Black "stoyan1"]
[Result "0-1"]
[WhiteElo "2002"]
[BlackElo "1948"]

1. e4 e5 2. Nf3 Nc6 3. Bb5 Nge7 4. d3 a6 5. Ba4 b5 6. Bb3 d5 7. exd5 Nxd5 8. Ng5
Be7 9. Ne4 Be6 10. Nbc3 Nxc3 11. Nxc3 Bxb3 12. axb3 Bc5 13. Ne4 Be7 14. Be3 f5
15. Nd2 f4 16. O-O O-O 17. Ne4 fxe3 18. fxe3 Rxf1+ 19. Qxf1 a5 20. Nc3 b4 21.
Ne2 Bc5 22. Qf3 Ra6 23. Kh1 Ne7 24. Qe4 Qd5 25. Qh4 Rh6 26. Qf2 Qf7 27. Qxf7+
Kxf7 28. Rxa5 Bxe3 29. Rxe5 Re6 30. Rxe6 Kxe6 31. Ng3 Bd4 32. h3 Bxb2 33. Ne2
Nd5 34. Kh2 Bc3 35. Kg3 Ne3 36. Nf4+ Kf5 37. Kf3 Nxc2 38. Nd5 c5 39. Ke2 Nd4+
40. Ke3 Nxb3 41. g4+ Ke5 42. Nb6 Bd2+ 43. Ke2 Kd4 44. Nc4 Bg5 45. Nb2 Nc1+ 46.
Kf3 Nxd3 0-1

[Event "AUTO-MASTER-1155"]
[Site "http://www.queenalice.com/game.php?id=795889"]
[Date "2010.6.27"]
[Round "1"]
[White "JMRNETO"]
[Black "SirKnight"]
[Result "0-1"]
[WhiteElo "1984"]
[BlackElo "2158"]

1. e4 e5 2. Nf3 Nc6 3. Bb5 Nf6 4. Nc3 Bc5 5. h3 O-O 6. d3 d6 7. Bg5 h6 8. Bh4
Be6 9. O-O g5 10. Bg3 a6 11. Ba4 b5 12. Bb3 Nd4 13. Bxe6 Nxf3+ 14. Qxf3 fxe6 15.
Qe2 Qe8 16. a3 Nh5 17. b4 Nxg3 18. Qd2 Nxf1 19. Rxf1 Bb6 20. Ne2 Qg6 21. Kh2
Rxf2 22. Rxf2 Bxf2 23. Nc3 Rf8 24. a4 bxa4 25. Nxa4 Qf6 26. c4 g4 27. Nb2 Qh4
28. Nd1 gxh3 0-1

[Event "AUTO-MASTER-1155"]
[Site "http://www.queenalice.com/game.php?id=795890"]
[Date "2010.6.27"]
[Round "1"]
[White "SirKnight"]
[Black "JMRNETO"]
[Result "1-0"]
[WhiteElo "2168"]
[BlackElo "2051"]

1. e4 e5 2. Nf3 Nc6 3. Bc4 Bc5 4. c3 a6 5. d4 exd4 6. cxd4 Bb4+ 7. Bd2 Nf6 8.
Bxb4 Nxb4 9. e5 Qe7 10. O-O Nh5 11. a3 Nc6 12. d5 Na5 13. d6 cxd6 14. exd6 Qf6
15. Qe1+ Kf8 16. Qxa5 Qxb2 17. Qd8# 1-0

[Event "AUTO-MASTER-1155"]
[Site "http://www.queenalice.com/game.php?id=795891"]
[Date "2010.6.27"]
[Round "1"]
[White "JMRNETO"]
[Black "pedepano"]
[Result "0-1"]
[WhiteElo "2019"]
[BlackElo "2109"]

1. e4 e5 2. Nf3 Nc6 3. Nc3 Nf6 4. Bb5 Bb4 5. Nd5 Nxd5 6. exd5 e4 7. dxc6 dxc6 8.
Qe2 O-O 9. Qxe4 Re8 10. Ne5 cxb5 11. Qxb4 Rxe5+ 12. Kd1 Qg5 13. d4 Qxg2 14. dxe5
Bg4+ 15. Qxg4 Qxg4+ 16. Ke1 Qe4+ 17. Be3 Qxh1+ 0-1

[Event "AUTO-MASTER-1155"]
[Site "http://www.queenalice.com/game.php?id=795892"]
[Date "2010.6.27"]
[Round "1"]
[White "pedepano"]
[Black "JMRNETO"]
[Result "0-1"]
[WhiteElo "2148"]
[BlackElo "1984"]

1. e4 e5 2. Nf3 Nc6 3. Bb5 d6 4. d4 Bd7 5. Nc3 exd4 6. Nxd4 Nxd4 7. Bxd7+ Qxd7
8. Qxd4 Nf6 9. Bf4 Be7 10. O-O-O O-O 11. e5 Nh5 12. exd6 cxd6 13. Bxd6 Bxd6 14.
Qxd6 Qf5 15. Rd2 Qg5 16. Qd5 Qxd5 17. Nxd5 f5 18. Ne7+ Kh8 19. Rd7 b6 20. Re1
Nf6 21. Rb7 Ng4 22. f3 Nf6 23. Nxf5 Ne8 24. Nd4 Nd6 25. Rd7 Rfd8 26. Rxd8+ Rxd8
27. Nc6 Rd7 28. Rd1 Kg8 29. Nxa7 Rxa7 30. Rxd6 Rxa2 31. Kb1 Ra6 32. b4 Kf7 33.
b5 Ra4 34. Rxb6 g5 35. Kb2 g4 36. fxg4 Rxg4 37. g3 h5 38. Rb8 Ke7 39. Kb3 h4 40.
gxh4 Rxh4 41. b6 Kd7 42. c4 Kc6 43. Kb4 Rxh2 44. c5 Rh4+ 45. Ka5 Rc4 46. Rc8+
Kb7 0-1

[Event "AUTO-MASTER-1155"]
[Site "http://www.queenalice.com/game.php?id=795893"]
[Date "2010.6.27"]
[Round "1"]
[White "JMRNETO"]
[Black "andrevillares"]
[Result "1/2-1/2"]
[WhiteElo "1998"]
[BlackElo "2098"]

1. e4 c6 2. Nc3 d5 3. exd5 cxd5 4. d4 Nc6 5. Nf3 Bg4 6. h3 Bh5 7. g4 Bg6 8. Bb5
e6 9. Ne5 Qc7 10. Nxg6 hxg6 11. Qe2 O-O-O 12. Be3 Nf6 13. O-O-O Bd6 14. Bxc6
Qxc6 15. Nb5 Kb8 16. Nxd6 Rxd6 17. Bf4 Rc8 18. Bxd6+ Qxd6 19. f3 Qb6 20. c3 Qa5
21. Kb1 Ne8 22. h4 Nc7 23. Qe5 Ka8 24. Qxg7 Nb5 25. Qxf7 Nxc3+ 26. bxc3 Qxc3 27.
Qxe6 Qc2+ 28. Ka1 Qc3+ 29. Kb1 Qc2+ 1/2-1/2

[Event "AUTO-MASTER-1155"]
[Site "http://www.queenalice.com/game.php?id=795894"]
[Date "2010.6.27"]
[Round "1"]
[White "andrevillares"]
[Black "JMRNETO"]
[Result "1-0"]
[WhiteElo "2093"]
[BlackElo "1998"]

1. d4 d5 2. c4 dxc4 3. e4 Nc6 4. d5 Ne5 5. Bxc4 Nf6 6. Nc3 Bg4 7. f3 Bd7 8. Bb3
g6 9. Nge2 c6 10. Bf4 Nxf3+ 11. gxf3 Bh3 12. dxc6 bxc6 13. Nd4 c5 14. Ba4+ Bd7
15. Ndb5 Bxb5 16. Bxb5+ Nd7 17. Qd5 e6 18. Bxd7+ Qxd7 19. Qxa8+ Qd8 20. Qxa7 Bg7
21. Rd1 Qc8 22. Nb5 O-O 23. Rc1 Bxb2 24. Rxc5 Qd8 25. Nd6 e5 26. Rd5 Qh4+ 27.
Bg3 Qh6 28. Qc5 Bd4 29. Qc2 Qe3+ 30. Qe2 Qc3+ 31. Kf1 Rb8 32. Nb5 Rxb5 33. Rxb5
Kg7 34. Kg2 h6 35. Rd1 h5 36. Qd3 Qa3 37. Qxa3 1-0

[Event "AUTO-ADV-1851"]
[Site "http://www.queenalice.com/game.php?id=811679"]
[Date "2010.8.1"]
[Round "1"]
[White "sandromm"]
[Black "JMRNETO"]
[Result "1/2-1/2"]
[WhiteElo "1693"]
[BlackElo "1988"]

1. e4 e5 2. Nf3 Nc6 3. Bb5 d6 4. h3 a6 5. Ba4 b5 6. Bb3 Be6 7. O-O Bxb3 8. axb3
Nf6 9. d3 Be7 10. c4 O-O 11. Nc3 Nd4 12. Nxd4 exd4 13. Ne2 c5 14. cxb5 axb5 15.
Rxa8 Qxa8 16. Bg5 h6 17. Bh4 g5 18. Bg3 h5 19. Qc2 h4 20. Bh2 d5 21. exd5 Qxd5
22. Bc7 Bd6 23. Bxd6 Qxd6 24. Qd2 b4 25. Qxg5+ Kh8 26. Qxh4+ Nh7 27. Nf4 Ra8 28.
Re1 Kg8 29. Qg4+ Kf8 30. Qf5 Nf6 31. Qg5 Re8 32. Rxe8+ Nxe8 33. Nh5 Qe6 34.
Qxc5+ Qe7 35. Qxd4 Qe1+ 36. Kh2 Qd2 37. Qc5+ Kg8 38. Qe7 Ng7 39. Nxg7 Qf4+ 40.
Kh1 Qc1+ 1/2-1/2

[Event "AUTO-ADV-1851"]
[Site "http://www.queenalice.com/game.php?id=811680"]
[Date "2010.8.1"]
[Round "1"]
[White "JMRNETO"]
[Black "sandromm"]
[Result "1-0"]
[WhiteElo "1994"]
[BlackElo "1764"]

1. e4 c5 2. Nf3 Nc6 3. Bb5 d6 4. d4 a6 5. Bxc6+ bxc6 6. dxc5 e6 7. cxd6 Bxd6 8.
e5 Bc7 9. Qxd8+ Bxd8 10. Nc3 Ne7 11. Bg5 O-O 12. O-O Bb7 13. a3 a5 14. Ne4 Nd5
15. Bxd8 Raxd8 16. Nc5 Ba8 17. Ng5 Nf4 18. g3 Nd5 19. Ngxe6 fxe6 20. Nxe6 Nb6
21. Nxf8 Rxf8 22. f4 Nd5 23. Rfe1 Rb8 24. c4 Ne7 25. b4 axb4 26. axb4 Bb7 27.
Red1 Nf5 28. Rd7 Bc8 29. Rd8+ Kf7 30. Ra7+ Ne7 31. Kg2 Rxb4 32. Rxc8 Rxc4 33.
Rcc7 Rc2+ 34. Kh3 c5 35. Rxe7+ Kg6 36. g4 Rc3+ 37. Kh4 Rc2 38. Ra6# 1-0

[Event "AUTO-ADV-1851"]
[Site "http://www.queenalice.com/game.php?id=811695"]
[Date "2010.8.1"]
[Round "1"]
[White "MC"]
[Black "JMRNETO"]
[Result "0-1"]
[WhiteElo "1730"]
[BlackElo "1972"]

1. e4 e5 2. Bc4 Nf6 3. g4 Nxe4 4. Qf3 Nf6 5. g5 d5 6. gxf6 dxc4 7. fxg7 Bxg7 8.
Na3 Nc6 9. Nxc4 Nd4 10. Qd3 Bf5 11. Qg3 Nxc2+ 12. Kd1 Qf6 13. Nf3 Nxa1 14. Nfxe5
b5 15. Na3 a6 16. Re1 O-O-O 17. Re3 b4 18. Nac4 Rhe8 19. Qf3 Bc2+ 20. Ke1 Qxf3
21. Nxf3 Rxe3+ 22. Nxe3 Re8 23. Ng5 Bg6 24. f4 Nc2+ 25. Kf2 Nxe3 26. h3 Nf5 27.
Kf3 Bh5+ 28. Kf2 Bd4+ 29. Kf1 Be2+ 30. Kg2 Bd1 31. Nxh7 Re2+ 32. Kf3 Rxd2+ 33.
Ke4 Bc2+ 34. Kf3 Rf2+ 35. Kg4 Rg2+ 36. Kf3 Nh4# 0-1

[Event "AUTO-ADV-1851"]
[Site "http://www.queenalice.com/game.php?id=811696"]
[Date "2010.8.1"]
[Round "1"]
[White "JMRNETO"]
[Black "MC"]
[Result "1-0"]
[WhiteElo "1965"]
[BlackElo "1737"]

1. e4 e5 2. Nf3 Bd6 3. Nc3 b6 4. Bc4 c6 5. d3 Nh6 6. Bxh6 gxh6 7. Qd2 b5 8. Bb3
Rg8 9. Qxh6 Qe7 10. Qxh7 Rxg2 11. Rg1 Rxg1+ 12. Nxg1 Bb4 13. O-O-O Qg5+ 14. Kb1
d5 15. Nxd5 cxd5 16. Bxd5 Nc6 17. Qxf7+ Kd8 18. Bxc6 Bd2 19. Bxa8 Bd7 20. Nf3
Qg4 21. Rg1 Qf4 22. Qxf4 Bxf4 23. h4 b4 24. c3 Kc7 25. cxb4 a6 26. d4 exd4 27.
Nxd4 Kb6 28. b3 Be5 29. Nf5 Bxf5 30. exf5 Kb5 31. a3 Bd4 32. Rg2 Bf6 33. h5 Bh8
34. Rg6 Bc3 35. f6 a5 36. bxa5 Kxa5 37. f7 Bd4 38. f8=Q Kb5 39. Qb4# 1-0

[Event "AUTO-ADV-1851"]
[Site "http://www.queenalice.com/game.php?id=811705"]
[Date "2010.8.1"]
[Round "1"]
[White "maurice91"]
[Black "JMRNETO"]
[Result "1-0"]
[WhiteElo "1792"]
[BlackElo "2007"]

1. e4 e5 2. Nf3 Nc6 3. Bc4 Bc5 4. O-O d6 5. Nc3 Bg4 6. d3 Nd4 7. Bxf7+ Kd7 8.
Nxe5+ Kc8 9. Qxg4+ Kb8 10. Nd7+ Kc8 11. Nxc5+ Kb8 12. Nd7+ Kc8 13. Nb6+ Kb8 14.
Nxa8 Kxa8 15. Bb3 Nf6 16. Qd1 h6 17. Nd5 Nxd5 18. Bxd5 c6 19. Bb3 Nxb3 20. axb3
Rf8 21. Be3 b6 22. Ra6 Kb7 23. Qa1 Qa8 24. c4 c5 25. b4 Kc6 26. bxc5 dxc5 27.
Rxa7 Qd8 28. Qa4+ 1-0

[Event "AUTO-ADV-1851"]
[Site "http://www.queenalice.com/game.php?id=811706"]
[Date "2010.8.1"]
[Round "1"]
[White "JMRNETO"]
[Black "maurice91"]
[Result "1-0"]
[WhiteElo "1978"]
[BlackElo "1806"]

1. e4 e6 2. d4 d5 3. Nc3 c5 4. exd5 cxd4 5. Qxd4 exd5 6. Bb5+ Nc6 7. Qxd5 Nf6 8.
Bxc6+ bxc6 9. Qxc6+ Bd7 10. Qf3 Be7 11. Nge2 Rc8 12. O-O O-O 13. a3 Qc7 14. Bd2
Be6 15. Bf4 Qb6 16. b4 Rfe8 17. Rad1 Bg4 18. Qe3 Qxe3 19. Bxe3 Bxe2 20. Nxe2
Rxc2 21. Ng3 Ra2 22. Bxa7 Rxa3 23. Bc5 Bxc5 24. bxc5 Rc8 25. Rc1 Ra6 26. Nf5 Kf8
27. Rfe1 Rac6 28. Ne7 Nd7 29. Nxc6 Rxc6 30. Ra1 g6 31. Ra7 Nxc5 32. Rc1 Rd6 33.
g3 Nd7 34. Rc8+ Ke7 35. Kg2 h6 36. h4 h5 37. f3 Rf6 38. Rcc7 Rd6 39. Kh3 f5 40.
g4 fxg4+ 41. fxg4 Rd3+ 42. Kg2 hxg4 43. Rc4 g3 44. Rg4 Rd6 45. Kxg3 Kf6 46. Rf4+
Ke6 47. Ra5 Rd3+ 48. Kg2 Rd2+ 49. Kf3 Ne5+ 50. Kg3 Rd3+ 51. Kf2 Rd2+ 52. Ke1 Rd5
53. Ra6+ Rd6 54. Rxd6+ Kxd6 55. Ke2 Ke6 56. Ke3 Nf7 57. Rf1 Nh6 58. Ke4 Nf7 59.
Rb1 Nd6+ 60. Kf4 Kf6 61. Rb6 Ke7 62. Kg5 1-0

[Event "AUTO-ADV-1852"]
[Site "http://www.queenalice.com/game.php?id=811949"]
[Date "2010.8.2"]
[Round "1"]
[White "faresjo"]
[Black "JMRNETO"]
[Result "1-0"]
[WhiteElo "2090"]
[BlackElo "1976"]

1. e4 e5 2. Nf3 Nc6 3. Bb5 d6 4. O-O Nf6 5. Re1 Bd7 6. d3 h6 7. Nc3 a6 8. Ba4 b5
9. Bb3 Bg4 10. h3 Bh5 11. Be3 Be7 12. Nd5 Nxd5 13. Bxd5 Qd7 14. a4 O-O 15. Kh2
Kh8 16. g4 Bg6 17. Qd2 Kh7 18. Rg1 f6 19. Qc3 Nd4 20. Bxd4 exd4 21. Qxd4 Rad8
22. Nh4 c6 23. Bb3 d5 24. Nxg6 Kxg6 25. axb5 axb5 26. Ra7 Bd6+ 27. Kh1 Qe6 28.
exd5 Qe5 29. Qxe5 Bxe5 30. dxc6 Rc8 31. Bd5 Rfd8 32. Be4+ Kg5 33. Rxg7+ Kh4 34.
Rg6 Rh8 35. Kg2 Bxb2 36. f4 Bd4 37. Rb1 Rb8 38. Kf3 b4 39. Bf5 h5 40. gxh5 Rxh5
41. Rg4+ Kxh3 42. Rh1# 1-0

[Event "AUTO-ADV-1852"]
[Site "http://www.queenalice.com/game.php?id=811950"]
[Date "2010.8.2"]
[Round "1"]
[White "JMRNETO"]
[Black "faresjo"]
[Result "0-1"]
[WhiteElo "2001"]
[BlackElo "2072"]

1. e4 c5 2. Nf3 d6 3. Bb5+ Bd7 4. Bxd7+ Qxd7 5. d3 Nc6 6. Nc3 Nf6 7. Bg5 e6 8.
O-O Be7 9. a3 O-O 10. h3 a6 11. Re1 b5 12. Ne2 h6 13. Bh4 Rfc8 14. c3 a5 15. d4
Nxe4 16. Bxe7 Qxe7 17. Ng3 Nxg3 18. fxg3 cxd4 19. Nxd4 Nxd4 20. Qxd4 Rc4 21. Qd3
Rac8 22. Rad1 Rd8 23. b3 Rc5 24. b4 axb4 25. axb4 Rc4 26. Ra1 Rdc8 27. Rec1 d5
28. Ra5 Qd7 29. Kh2 Qc6 30. Ra3 Rxb4 31. cxb4 Qxc1 32. Qxb5 Qxa3 0-1

[Event "AUTO-ADV-1852"]
[Site "http://www.queenalice.com/game.php?id=811961"]
[Date "2010.8.2"]
[Round "1"]
[White "esteban"]
[Black "JMRNETO"]
[Result "0-1"]
[WhiteElo "1972"]
[BlackElo "1991"]

1. d4 d5 2. e3 Nc6 3. Bd3 Nf6 4. a3 g6 5. Nd2 Bg7 6. h3 O-O 7. f4 a6 8. Ngf3 b5
9. Ne5 Nxe5 10. fxe5 Nd7 11. O-O e6 12. Nf3 c6 13. e4 f6 14. exf6 Bxf6 15. e5
Bg7 16. Bg5 Qe8 17. Qd2 c5 18. c3 c4 19. Bc2 a5 20. Nh4 Nxe5 21. Rxf8+ Qxf8 22.
Rf1 Qe8 23. dxe5 Bxe5 24. Bf6 Bxf6 25. Rxf6 Qe7 26. Qg5 Ra7 27. Nxg6 Qc5+ 28.
Kh1 Rg7 29. Qh6 hxg6 30. Rxg6 Qe7 31. Rxg7+ Qxg7 32. Qxg7+ Kxg7 33. g4 e5 34.
Kg2 d4 35. cxd4 exd4 36. Kf2 b4 37. axb4 axb4 38. b3 d3 39. Bb1 d2 40. Bc2 c3
41. Kf3 Kf6 42. Kf4 Ba6 43. h4 Be2 44. g5+ Kg7 45. Ke3 d1=Q 46. Bxd1 Bxd1 47.
Kd3 Bxb3 48. h5 Ba4 49. h6+ Kg6 50. Ke2 c2 51. Kd2 b3 52. Kc1 Bb5 53. Kb2 Bd3
0-1

[Event "AUTO-ADV-1852"]
[Site "http://www.queenalice.com/game.php?id=811962"]
[Date "2010.8.2"]
[Round "1"]
[White "JMRNETO"]
[Black "esteban"]
[Result "0-1"]
[WhiteElo "2009"]
[BlackElo "1954"]

1. e4 e5 2. Nf3 d6 3. Nc3 Nf6 4. Bc4 c6 5. d4 exd4 6. Nxd4 a6 7. Bg5 b5 8. Be2
h6 9. Bh4 Be7 10. h3 b4 11. Nb1 Nxe4 12. Bxe7 Qxe7 13. Nf5 Bxf5 14. O-O O-O 15.
Bf3 d5 16. Nd2 Re8 17. Nxe4 Bxe4 18. Bxe4 dxe4 19. Re1 Nd7 20. Qg4 Nf6 21. Qg3
Rad8 22. Re2 Rd6 23. f3 Re6 24. fxe4 Rxe4 25. Rxe4 Qxe4 26. Rf1 Qe3+ 27. Qxe3
Rxe3 28. Rf4 c5 29. Rc4 Nd7 30. Kf2 Re6 31. c3 a5 32. a3 Rb6 33. axb4 axb4 34.
cxb4 cxb4 35. Ke3 b3 36. Kd4 Kf8 37. Rc3 f5 38. Kc4 Ke7 39. g3 Rc6+ 40. Kxb3
Rxc3+ 41. Kxc3 g5 42. b4 Ke6 43. Kd4 h5 44. h4 g4 45. b5 Kf6 46. Kd5 Ke7 47. Kc6
Ke6 48. Kc7 f4 49. gxf4 g3 50. f5+ Kxf5 51. Kxd7 g2 52. b6 g1=Q 53. b7 Qg7+ 54.
Kc8 Qxb7+ 55. Kxb7 Kg4 56. Kc6 Kxh4 57. Kd5 Kg4 58. Ke4 Kg3 59. Ke3 h4 60. Ke2
Kg2 0-1

[Event "AUTO-ADV-1852"]
[Site "http://www.queenalice.com/game.php?id=811969"]
[Date "2010.8.2"]
[Round "1"]
[White "JMRNETO"]
[Black "marcelob2"]
[Result "1-0"]
[WhiteElo "1986"]
[BlackElo "1774"]

1. e4 e5 2. Nf3 Nc6 3. Bb5 a6 4. Bxc6 dxc6 5. Nc3 Bd6 6. d3 Ne7 7. d4 Ng6 8.
dxe5 Nxe5 9. Nxe5 Bxe5 10. Qxd8+ Kxd8 11. Bd2 Be6 12. O-O Ke7 13. f4 Rad8 14.
Rad1 Bd6 15. a3 a5 16. e5 Bc5+ 17. Kh1 Bf5 18. Bc1 Bxc2 19. Rxd8 Rxd8 20. h3 b5
21. f5 g6 22. Bg5+ 1-0

[Event "AUTO-ADV-1852"]
[Site "http://www.queenalice.com/game.php?id=811970"]
[Date "2010.8.2"]
[Round "1"]
[White "marcelob2"]
[Black "JMRNETO"]
[Result "0-1"]
[WhiteElo "1814"]
[BlackElo "1989"]

1. d4 d5 2. Nf3 Bg4 3. Ne5 Nf6 4. c4 e6 5. Bg5 Bf5 6. f3 h6 7. Bh4 g5 8. Bg3
dxc4 9. e4 Bg6 10. Bxc4 Bb4+ 11. Nd2 Nbd7 12. Nxg6 fxg6 13. O-O Qe7 14. Rc1 c6
15. Qb3 Bxd2 0-1

[Event "AUTO-ADV-1851"]
[Site "http://www.queenalice.com/game.php?id=856153"]
[Date "2010.11.7"]
[Round "2"]
[White "JMRNETO"]
[Black "BGNJoe"]
[Result "1-0"]
[WhiteElo "1987"]
[BlackElo "1886"]

1. e4 c5 2. Nf3 d6 3. Bc4 Nf6 4. Nc3 e6 5. d4 cxd4 6. Nxd4 Be7 7. Be3 O-O 8. O-O
Nc6 9. Nxc6 bxc6 10. h3 Qc7 11. Bf4 1-0

[Event "AUTO-ADV-1851"]
[Site "http://www.queenalice.com/game.php?id=856154"]
[Date "2010.11.7"]
[Round "2"]
[White "BGNJoe"]
[Black "JMRNETO"]
[Result "0-1"]
[WhiteElo "1844"]
[BlackElo "1999"]

1. e4 e5 2. Nf3 Nc6 3. Bc4 Bc5 4. c3 d6 5. d4 exd4 6. cxd4 Bb4+ 7. Nc3 Bg4 8.
O-O Nge7 9. Be3 O-O 10. h3 Bh5 0-1

[Event "AUTO-ADV-1851"]
[Site "http://www.queenalice.com/game.php?id=856155"]
[Date "2010.11.7"]
[Round "2"]
[White "JMRNETO"]
[Black "clemerson"]
[Result "1-0"]
[WhiteElo "1986"]
[BlackElo "1916"]

1. e4 e6 2. Nf3 d5 3. exd5 exd5 4. d4 Nc6 5. Bb5 Bd7 6. Qe2+ Be7 7. Nc3 Nf6 8.
O-O O-O 9. Bd3 Re8 10. Bf4 Bd6 11. Qd2 Bxf4 12. Qxf4 Nb4 13. Rac1 Nxd3 14. cxd3
c6 15. Ne5 Qc7 16. Rfe1 Be6 17. Qf3 c5 18. dxc5 Qxc5 19. Ne2 Qa5 20. a3 Rac8 21.
Rc3 d4 22. Nxd4 Nd5 23. Nxe6 fxe6 24. b4 Qb5 25. Rxc8 1-0

[Event "AUTO-ADV-1851"]
[Site "http://www.queenalice.com/game.php?id=856156"]
[Date "2010.11.7"]
[Round "2"]
[White "clemerson"]
[Black "JMRNETO"]
[Result "1-0"]
[WhiteElo "1914"]
[BlackElo "2006"]

1. d4 d5 2. c4 dxc4 3. Nc3 Bf5 4. e4 Bg6 5. Bxc4 e6 6. Nf3 Bb4 7. e5 Nc6 8. O-O
Nge7 9. Qb3 O-O 10. Bg5 h6 11. Bh4 Nxd4 12. Nxd4 Qxd4 13. Qxb4 Qxh4 14. g3 Qg5
15. f4 Qg4 16. Qxe7 Be4 17. Nxe4 1-0